| 000 | 01026nam a22003017a 4500 | ||
|---|---|---|---|
| 003 | CHAP | ||
| 005 | 20220329133613.0 | ||
| 008 | 971013s1985 r 00010 d | ||
| 010 | _a8452 | ||
| 011 | _a9424 | ||
| 035 | _a8659 | ||
| 040 | _cCHAP | ||
| 090 | _aTesis | ||
| 100 | 0 | 0 |
_aGarcía Deloya, Martha. _945926 |
| 245 | _aEvaluación de la calidad de pimienta gorda o tipo jamaica Pimenta dioica (L.) Merril, en centrales de abasto del Distrito Federal | ||
| 260 |
_aIguala, Gro. : _bEl autor, _c1985 |
||
| 300 | _a72 h. | ||
| 502 | _aTesis (Ing. Agrónomo) -- Univesidad Autónoma de Guerrero. Escuela Superior de Agricultura | ||
| 590 |
_aALEPH _b10 _c20130110 _lUCH01 _h1223 |
||
| 590 |
_aBATCH-UPD _b10 _c20130110 _lUCH01 _h2251 |
||
| 590 |
_aBATCH-UPD _b10 _c20130410 _lUCH01 _h1545 |
||
| 590 |
_aBATCH-UPD _b10 _c20130914 _lUCH01 _h1913 |
||
| 590 |
_aCONVERSION _b10 _c20130109 _lUCH01 _h1306 |
||
| 650 | 1 | 4 |
_aPimenta dióica. _988083 |
| 901 | _aBK | ||
| 942 | _cTESIS | ||
| 949 |
_bBC _cTES _d-18957 _eTS1 _h25651 _i8659 _si |
||
| 999 |
_c8452 _d8452 |
||